[Event "Tatry op"]
[Site "Tatranska Lomnica"]
[Date "2017.10.09"]
[Round "2"]
[White "Ernst, Michael"]
[Black "Kellner, Petr"]
[Result "1-0"]
[WhiteElo "2131"]
[BlackElo "1968"]
[PlyCount "59"]
[EventDate "2017.10.08"]
[EventType "swiss"]
[EventRounds "9"]
[EventCountry "SVK"]
[SourceTitle "CBM 181 Extra"]
[Source "ChessBase"]
[SourceDate "2017.12.12"]
[SourceVersion "1"]
[SourceVersionDate "2017.12.12"]
[SourceQuality "1"]

1. d4 Nf6 2. Bf4 e6 3. e3 d5 4. Nd2 c5 5. c3 Nc6 6. Ngf3 cxd4 7. exd4 Nh5 8. Bg5 f6 9. Be3 Bd6 10. g3 0-0 11. Bg2 g6 12. Ng1 Bd7 13. Bf3 Ng7 14. Ne2 Qe7 15. a4 Rab8 16. 0-0 b5 17. axb5 Rxb5 18. Ra2 Nf5 19. Nf4 Rc8 20. b4 a5 21. Be2 Nxb4 22. cxb4 Bxb4 23. Nb3 Nxe3 24. fxe3 Rbb8 25. Nd3 Rc3 26. Nbc5 Bxc5 27. Nxc5 Rxe3 28. Qd2 Rxe2 29. Qxe2 Bb5 30. Rb1 1-0

[Event "Klatovy op-B"]
[Site "Klatovy"]
[Date "2013.07.07"]
[Round "9"]
[White "Leseticky, Vladimir"]
[Black "Kellner, Petr"]
[Result "0-1"]
[WhiteElo "1690"]
[BlackElo "1885"]
[PlyCount "54"]
[EventDate "2013.06.29"]
[EventType "swiss"]
[EventRounds "9"]
[EventCountry "CZE"]
[SourceTitle "EXT 2014"]
[Source "ChessBase"]
[SourceDate "2013.11.20"]
[SourceVersion "1"]
[SourceVersionDate "2013.11.20"]
[SourceQuality "1"]

1. e4 e6 2. d4 d5 3. Nc3 Bb4 4. e5 c5 5. a3 Bxc3+ 6. bxc3 Ne7 7. Nh3 b6 8. Bb5+ Bd7 9. Bxd7+ Qxd7 10. 0-0 Qa4 11. Rb1 Nbc6 12. dxc5 bxc5 13. Qe2 a6 14. Ng5 h6 15. Nf3 0-0 16. c4 dxc4 17. Qe4 Rab8 18. Rxb8 Rxb8 19. Nh4 Nd5 20. Nf5 exf5 21. Qxd5 Nd4 22. Kh1 Qxc2 23. Bxh6 gxh6 24. h3 Rb1 25. Qd8+ Kh7 26. Rxb1 Qxb1+ 27. Kh2 Ne2 0-1

[Event "Klatovy op-B"]
[Site "Klatovy"]
[Date "2013.07.04"]
[Round "6"]
[White "Novy, Jan"]
[Black "Kellner, Petr"]
[Result "0-1"]
[WhiteElo "1665"]
[BlackElo "1885"]
[PlyCount "70"]
[EventDate "2013.06.29"]
[EventType "swiss"]
[EventRounds "9"]
[EventCountry "CZE"]
[SourceTitle "EXT 2014"]
[Source "ChessBase"]
[SourceDate "2013.11.20"]
[SourceVersion "1"]
[SourceVersionDate "2013.11.20"]
[SourceQuality "1"]

1. Nf3 d5 2. c4 dxc4 3. Na3 g6 4. Nxc4 Bg7 5. d3 Nf6 6. g3 Be6 7. Qc2 Qc8 8. Bg2 Bh3 9. 0-0 Bxg2 10. Kxg2 0-0 11. e4 c5 12. Be3 Nfd7 13. a4 Nc6 14. Rab1 Rd8 15. Rfd1 e5 16. Qd2 Qc7 17. Bg5 f6 18. Be3 b6 19. Qc2 Nf8 20. Bd2 Ne6 21. Bc3 Rd7 22. b3 Rad8 23. Ne1 f5 24. exf5 gxf5 25. f4 Ncd4 26. Bxd4 Nxd4 27. Qf2 exf4 28. gxf4 Re8 29. Nf3 Re2 30. Qxe2 Nxe2 31. Nfe5 Nxf4+ 32. Kf3 Bxe5 33. Rg1+ Ng6 34. Nxe5 Qxe5 35. Rbd1 Rxd3+ 0-1

[Event "Klatovy op-B"]
[Site "Klatovy"]
[Date "2013.07.01"]
[Round "3"]
[White "Kellner, Petr"]
[Black "Novak, Martin"]
[Result "0-1"]
[WhiteElo "1885"]
[BlackElo "1720"]
[PlyCount "40"]
[EventDate "2013.06.29"]
[EventType "swiss"]
[EventRounds "9"]
[EventCountry "CZE"]
[SourceTitle "EXT 2014"]
[Source "ChessBase"]
[SourceDate "2013.11.20"]
[SourceVersion "1"]
[SourceVersionDate "2013.11.20"]
[SourceQuality "1"]

1. d4 Nf6 2. c4 e5 3. dxe5 Ng4 4. Bf4 g5 5. Bg3 Nc6 6. Nf3 Bg7 7. h4 Ngxe5 8. Nc3 Nxc4 9. Nxg5 Nxb2 10. Qb3 Qf6 11. Nge4 Qd4 12. Qxb2 Qxe4 13. Nxe4 Bxb2 14. Rb1 Be5 15. Bxe5 Nxe5 16. Nf6+ Ke7 17. Nd5+ Kd8 18. f4 Ng6 19. h5 Ne7 20. g4 Nxd5 0-1

[Event "Klatovy op-B"]
[Site "Klatovy"]
[Date "2013.06.29"]
[Round "1"]
[White "Kellner, Petr"]
[Black "Furbacher, Milan"]
[Result "1-0"]
[WhiteElo "1885"]
[BlackElo "1740"]
[PlyCount "79"]
[EventDate "2013.06.29"]
[EventType "swiss"]
[EventRounds "9"]
[EventCountry "CZE"]
[SourceTitle "EXT 2014"]
[Source "ChessBase"]
[SourceDate "2013.11.20"]
[SourceVersion "1"]
[SourceVersionDate "2013.11.20"]
[SourceQuality "1"]

1. d4 d5 2. c4 e6 3. Nc3 Nf6 4. cxd5 exd5 5. Bg5 Be7 6. e3 0-0 7. Qc2 h6 8. Bh4 c6 9. Bd3 Nbd7 10. Nge2 Nb6 11. 0-0 Bd7 12. Rab1 a5 13. f3 Re8 14. Kh1 Nh5 15. Bf2 Bg5 16. e4 Nf4 17. Nxf4 Bxf4 18. e5 Bg5 19. Bg1 h5 20. f4 Bh6 21. f5 Nc4 22. Bxc4 dxc4 23. Ne4 b5 24. Qf2 Rf8 25. Nc5 Qe8 26. Rbe1 g6 27. Qg3 Kh7 28. e6 fxe6 29. Qxg6+ Qxg6 30. fxg6+ Kxg6 31. Nxd7 Rxf1 32. Rxf1 Ra7 33. Ne5+ Kg7 34. d5 Rc7 35. d6 Rc8 36. d7 Ra8 37. Nxc6 Bg5 38. Bb6 Ra6 39. Bd8 Bxd8 40. Nxd8 1-0

[Event "Klatovy op-A"]
[Site "Klatovy"]
[Date "2005.07.10"]
[Round "9"]
[White "Snajdr, Jiri"]
[Black "Kellner, Petr"]
[Result "1-0"]
[WhiteElo "2069"]
[BlackElo "1943"]
[PlyCount "97"]
[EventDate "2005.07.02"]
[EventType "swiss"]
[EventRounds "9"]
[EventCountry "CZE"]
[SourceTitle "CBM 107 Extra"]
[Source "ChessBase"]
[SourceDate "2005.09.01"]
[SourceVersion "1"]
[SourceVersionDate "2005.09.01"]
[SourceQuality "1"]

1. d4 Nf6 2. c4 g6 3. Nc3 Bg7 4. e4 d6 5. Be2 0-0 6. Bg5 Nc6 7. f4 e5 8. fxe5 dxe5 9. d5 Nd4 10. Nf3 Nxe2 11. Qxe2 h6 12. Bh4 Qd6 13. Bxf6 Bxf6 14. Qe3 Qb4 15. 0-0 Bg7 16. b3 b6 17. Nb5 Qe7 18. Rad1 Rd8 19. Rd2 a6 20. Nc3 Kh7 21. Rfd1 Bf8 22. d6 Qd7 23. Nxe5 Qe6 24. Qf4 Bg7 25. d7 Bxe5 26. dxc8Q Rdxc8 27. Qf3 Bxc3 28. Qxc3 Qxe4 29. Rd7 Qf5 30. Qd4 Rf8 31. Rf1 Qe6 32. Rxc7 Rad8 33. Rcxf7+ Rxf7 34. Rxf7+ Qxf7 35. Qxd8 Qg7 36. Qxb6 Qa1+ 37. Kf2 Qxa2+ 38. Kf3 h5 39. c5 Qc2 40. Qc7+ Kg8 41. Qd8+ Kf7 42. Qd5+ Kf8 43. Kf4 Qf2+ 44. Kg5 Kg7 45. Qe5+ Kf7 46. Qf4+ Qxf4+ 47. Kxf4 Ke6 48. Ke4 a5 49. h4 1-0

[Event "CZE-chT2a 0405"]
[Site "Czech Republic"]
[Date "2004.11.21"]
[Round "3.5"]
[White "Kellner, Petr"]
[Black "Burdik, Lubomir"]
[Result "1/2-1/2"]
[WhiteElo "1936"]
[BlackElo "2150"]
[PlyCount "80"]
[EventDate "2004.10.17"]
[EventType "team-tourn"]
[EventRounds "11"]
[EventCountry "CZE"]
[SourceTitle "EXT 2007"]
[Source "ChessBase"]
[SourceDate "2006.11.23"]
[SourceVersion "1"]
[SourceVersionDate "2006.11.23"]
[SourceQuality "1"]
[WhiteTeam "Pisek"]
[BlackTeam "Zizkov"]
[WhiteTeamCountry "CZE"]
[BlackTeamCountry "CZE"]

1. d4 Nf6 2. c4 g6 3. Nc3 d5 4. cxd5 Nxd5 5. e4 Nxc3 6. bxc3 Bg7 7. Bc4 c5 8. Ne2 0-0 9. 0-0 Nc6 10. Be3 Bg4 11. f3 cxd4 12. cxd4 Na5 13. Bd5 Bd7 14. Rb1 Bc8 15. a3 e6 16. Ba2 b6 17. d5 exd5 18. Qxd5 Ba6 19. Rf2 Rc8 20. Nf4 Nc4 21. Bxc4 Bxc4 22. Qd1 Qe7 23. a4 Qa3 24. Bc1 Qc5 25. Bb2 Rfd8 26. Qc2 Bd4 27. Bxd4 Rxd4 28. Rd1 Rcd8 29. Rxd4 Rxd4 30. g3 Qd6 31. Kg2 Be6 32. Nxe6 Qxe6 33. Rd2 Qc4 34. Qxc4 Rxc4 35. a5 bxa5 36. Rd7 h5 37. Rxa7 Rc2+ 38. Kh3 Ra2 39. f4 a4 40. g4 hxg4+ 1/2-1/2

[Event "CZE-chT2a 0405"]
[Site "Czech Republic"]
[Date "2004.11.07"]
[Round "2.7"]
[White "Zeman, Martin"]
[Black "Kellner, Petr"]
[Result "0-1"]
[WhiteElo "1994"]
[BlackElo "1936"]
[PlyCount "96"]
[EventDate "2004.10.17"]
[EventType "team-tourn"]
[EventRounds "11"]
[EventCountry "CZE"]
[SourceTitle "EXT 2007"]
[Source "ChessBase"]
[SourceDate "2006.11.23"]
[SourceVersion "1"]
[SourceVersionDate "2006.11.23"]
[SourceQuality "1"]
[WhiteTeam "Pribram"]
[BlackTeam "Pisek"]
[WhiteTeamCountry "CZE"]
[BlackTeamCountry "CZE"]

1. e4 d6 2. d4 Nf6 3. Nc3 c6 4. f4 d5 5. e5 Ng8 6. Bd3 g6 7. Nf3 h5 8. Ng5 Bg4 9. Ne2 e6 10. h3 Bf5 11. Bxf5 gxf5 12. Be3 Nd7 13. Bf2 Rc8 14. Ng3 h4 15. Nh5 Qb6 16. 0-0 c5 17. c3 Qxb2 18. Rb1 Qxc3 19. Rxb7 cxd4 20. Nxf7 Kxf7 21. Rxd7+ Be7 22. Bxd4 Qc2 23. Qf3 Qa4 24. Rxe7+ Nxe7 25. Bf2 Qc2 26. Re1 Rc3 27. Re3 d4 28. Rxc3 dxc3 29. Kh2 Qxa2 30. Bc5 Nd5 31. Nf6 c2 32. Ba3 Qc4 33. Nxd5 Qxd5 34. Qc3 Rd8 35. Qxc2 Qd3 36. Qc1 Qg3+ 37. Kg1 Qd3 38. Bd6 Qb5 39. Qe1 Rg8 40. Kh2 Qb2 41. Qg1 Ke8 42. Bc5 a5 43. Bd4 Qe2 44. Bf2 Qe4 45. g3 hxg3+ 46. Bxg3 Qe2+ 47. Kh1 Qf3+ 48. Kh2 Qxg3+ 0-1

[Event "Volyne op-A"]
[Site "Volyne"]
[Date "2003.??.??"]
[Round "?"]
[White "Kellner, Petr"]
[Black "Erban, Jiri"]
[Result "1-0"]
[WhiteElo "1870"]
[BlackElo "1919"]
[PlyCount "95"]
[EventDate "2003.??.??"]
[EventType "swiss"]
[EventRounds "9"]
[EventCountry "CZE"]
[SourceTitle "EXT 2005"]
[Source "ChessBase"]
[SourceDate "2004.11.15"]
[SourceVersion "1"]
[SourceVersionDate "2004.11.15"]
[SourceQuality "1"]

1. d4 g6 2. c4 Nh6 3. Nc3 f6 4. e4 Nf7 5. f3 d6 6. Bd3 e5 7. d5 Bg7 8. Be3 0-0 9. g4 c5 10. Qd2 a6 11. a4 a5 12. Nge2 Na6 13. 0-0-0 Nb4 14. Bb1 Bd7 15. b3 Qe7 16. Rdg1 Nh8 17. h4 Rf7 18. g5 f5 19. h5 f4 20. Bf2 gxh5 21. Rxh5 Ng6 22. Rg2 Bf8 23. Qd1 Rg7 24. Qg1 Qf7 25. Rh1 Be7 26. Nd1 Kf8 27. Be1 Ke8 28. Nec3 Kd8 29. Nb5 Bxb5 30. cxb5 Kc7 31. Bxb4 axb4 32. Rhh2 b6 33. Bd3 Kb7 34. Bf1 Nf8 35. Nb2 Nd7 36. Rh6 Rg6 37. Nc4 Kc7 38. Qh2 Nf8 39. Ra2 Bxg5 40. Rxg6 Nxg6 41. a5 bxa5 42. b6+ Kb7 43. Rxa5 Rxa5 44. Nxa5+ Kxb6 45. Qe2 Kc7 46. Nc6 Qe8 47. Qa6 Qc8 48. Qa5+ 1-0